Отчет о деятельности МК РКП... ... за август 1920 г. (Запись № 13494317)
[ простой вид ]
| 000 -МАРКЕР | |
|---|---|
| контрольное поле | 00765nam2a22002171 4500 |
| 001 - ИДЕНТИФИКАТОР ЗАПИСИ | |
| контрольное поле | RU\NLR\A1SV\156167 |
| 005 - ИДЕНТИФИКАТОР ВЕРСИИ | |
| контрольное поле | 20251214193205.0 |
| 035 ## - ДРУГИЕ СИСТЕМНЫЕ НОМЕРА | |
| Идентификатор записи | (NLR Aleph) 012505129 |
| 100 ## - ДАННЫЕ ОБЩЕЙ ОБРАБОТКИ | |
| Данные общей обработки | 20210413d1920 u y0rusy50 ca |
| 101 0# - ЯЗЫК РЕСУРСА | |
| Язык текста, звукозаписи и т.д. | русский |
| 200 1# - ЗАГЛАВИЕ И СВЕДЕНИЯ ОБ ОТВЕТСТВЕННОСТИ | |
| Основное заглавие | ... за август 1920 г. |
| Первые сведения об ответственности | РКП |
| 210 ## - ПУБЛИКАЦИЯ, РАСПРОСТРАНЕНИЕ И ДР. | |
| Имя издателя, распространителя и т. д. | Изд. Моск. ком. РКП (б) |
| Дата издания, распространения и т.д. | 1920 |
| 215 ## - ФИЗИЧЕСКАЯ ХАРАКТЕРИСТИКА | |
| Специфическое обозначение материала и объем | 39 с. включ. обл. |
| Другие сведения о физической характеристике | табл., диагр. |
| 461 #1 - УРОВЕНЬ НАБОРА | |
| Встроенное поле | 001RU\NLR\A1SV\156165 |
| Системный номер (АБИС) связанной записи | 12248627 |
| Автор | РКП(б). Московский ком. |
| Место публикации | [М.] |
| Дата публикации | 1920-1921 |
| Имя издателя, распространителя и т.д. | 31-я тип. МГСНХ (б. Губерн.) |
| Заглавие | Отчет о деятельности МК РКП... |
| 801 #0 - ИСТОЧНИК ЗАПИСИ | |
| Страна | Российская Федерация |
| Организация | NLR |
| Дата составления | 20210413 |
| 899 ## - ДАННЫЕ О МЕСТОНАХОЖДЕНИИ (устаревшее) | |
| Местонахождение | РНБ |
| 942 ## - ДОПОЛНИТЕЛЬНЫЕ ЭЛЕМЕНТЫ ЗАПИСИ (АБИС) | |
| Тип экземпляра АБИС | Книга |
| 980 ## - КОЛЛЕКЦИЯ | |
| Название коллекции | Международный сводный каталог русской книги (1918-1926) |
| 980 ## - КОЛЛЕКЦИЯ | |
| Название коллекции | Национальная библиография |
Нет доступных экземпляров.